Quiz sulla città di Milano - Statistics

Statistiche generali
  • Questo quiz è stato fatto 1.126 volte
  • Il punteggio medio è 22 su 32
Statistiche sulle risposte
Categoria Descrizione Risposta % Corretto
Geografia Milano è il capoluogo di questa regione Lombardia
99%
Geografia Più grande aeroporto di Milano (simbolo MXP) Malpensa
96%
Cultura Squadra di calcio fondata dagli stranieri di Milano nel 1908 Internazionale di Milano
91%
Aziende Case di alta moda le più popolare D{olce} & G{abbana}
88%
Geografia Nome dei canali irrigui costruiti per raggiungere i fiumi vicini Navigli
88%
Cultura Teatro che ha visto prime di opere maggiori di Giuseppe Verdi e Richard Wagner La Scala
87%
Cultura Milano è considerata capitale mondiale della moda. Scrivi il nome di una delle tre altre. Londra | New York | Parigi
84%
Cultura Santo patrono Sant'Ambrogio
83%
Gastronomia Pane dolce servito generalmente a Natale Panettone
81%
Storia Nome romano di Milano {Medio}lanum
80%
Cultura Nome della partita tra questa squadra e il Milan Derby della {Madonnina}
77%
Gastronomia Riso cremoso con lo zafferano Risotto
76%
Aziende Case di alta moda le più popolare A{rmani}
73%
Storia Dipinto di Leonardo nel convento Santa Maria delle Grazie Cenacolo
73%
Aziende Pneumatici P{irelli}
73%
Geografia Parco urbano vicino all'Arco della Pace Sempione
73%
Storia Famiglia che governò il Ducato di Milano, 1450-1535 Sforza
72%
Storia Decisione di Costantino che concesse la tolleranza a tutte le religioni nell'Impero Romano {Editto} di Milano
70%
Aziende Case di alta moda le più popolare P{rada}
70%
Aziende Case di alta moda le più popolare V{ersace}
69%
Gastronomia Pane dolce servito generalmente a Pasqua Colomba
68%
Aziende Automobili sportive A{lfa} R{omeo}
65%
Gastronomia Formaggio erborinato prodotto nella regione di Milano Gorgonzola
60%
Milanesi famosi Ex-difensore che ha giocato più partite con il Milan Paolo Maldini
60%
Gastronomia Stinco di vitello tradizionalmente servito con il piatto di sopra Ossobuco
59%
Milanesi famosi Pittore milanese di vero nome Michelangelo Merisi Caravaggio
51%
Milanesi famosi Filosofo dell'iluminismo e fermo critico della pena di morte Cesare Beccaria
51%
Milanesi famosi Cantante milanese soprannominato il Molleggiato Adriano Celentano
48%
Storia Famiglia che governò il Ducato di Milano, 1395-1447 Visconti
48%
Gastronomia La prima macchino per fare questo caffè fu inventata a Milano Espresso
43%
Milanesi famosi Primo ministro italiano nato a Milano nel 1936 Silvio Berlusconi
43%
Storia Battaglia del XII secolo, maggiore sconfitta di Federico Barbarossa Legnano
34%
Nessun quiz corrispondente trovato
Distribuzione punteggi
Percentuale di utenti per punteggio
Percentile per numero di risposta
I tuoi punteggi nel tempo
Non hai fatto questo quiz